| 000 | 01544nam2a22002891 4500 | ||
|---|---|---|---|
| 001 | rc\3327913 | ||
| 005 | 20260405193403.0 | ||
| 021 |
_aRU _b[72-74008] |
||
| 035 | _a(NLR Aleph) 007511819 | ||
| 090 |
_a7698071 _c7698071 |
||
| 100 | _a20130115d1972 |||y0rusy50 ca | ||
| 101 | 0 | _arus | |
| 102 | _aRU | ||
| 105 | _aab z ||||| | ||
| 200 | 0 |
_aТ. 2 _f[Авт. акад. А.П. Виноградов, Удинцев Г.Б., Канаев В.Ф. и др.] |
|
| 210 | _d1972 | ||
| 215 |
_a251 с., 1 л. граф. _cил., карт. |
||
| 320 | _aСписок лит.: с. 239-249 | ||
| 461 | 0 |
_1001rc\3327911 _12001#$aИсследования по проблеме рифтовых зон Мирового океана$f[Отв. ред. акад. А.П. Виноградов и Г.Б. Удинцев$gВступ. статья акад. А.П. Виноградова]$gАН СССР. Ин-т океанологии им. П.П. Ширшова. Т. 1-$vТ. 2 _97698066 _cМосква _d1972- _f[Отв. ред. акад. А.П. Виноградов и Г.Б. Удинцев _nНаука _tИсследования по проблеме рифтовых зон Мирового океана _vТ. 2 |
|
| 701 | 1 |
_4070 _8rus _7ca _aУдинцев _bГ. В. _f1923-2017 _gГлеб Борисович _3RU\NLR\AUTH\7785191 _968119 |
|
| 701 | 1 |
_aКанаев _bВ.Ф. |
|
| 701 | 1 |
_aВиноградов _bА.П. _gАлександр Павлович |
|
| 801 | 0 |
_aRU _bNLR _gpsbo |
|
| 801 | 1 |
_aRU _bELAR _2rusmarc |
|
| 852 |
_aNLR _j72-7/1302 |
||
| 942 | _cBOOK | ||
| 980 | _aNB | ||